Lyrics to 'Missing Piece' by Vance Joy - Statistics

General Stats
  • This quiz has been taken 20 times
  • The average score is 276 of 290
Answer Stats
Answer % Correct
a
100%
back
100%
be
100%
Because
100%
bring
100%
by
100%
can
100%
darling
100%
Darling
100%
down
100%
finally
100%
found
100%
go
100%
hold
100%
I
100%
I'm
100%
in
100%
is
100%
just
100%
know
100%
me
100%
missing
100%
my
100%
nothing
100%
piece
100%
room
100%
side
100%
That
100%
the
100%
us
100%
when
100%
When
100%
with
100%
you
100%
You
100%
you're
100%
And
91%
away
91%
been
91%
both
91%
Cause
91%
cause
91%
change
91%
crowd
91%
day
91%
days
91%
don't
91%
every
91%
far
91%
fine
91%
for
91%
For
91%
from
91%
get
91%
holding
91%
home
91%
I'll
91%
It
91%
it
91%
I've
91%
keep
91%
last
91%
let
91%
line
91%
lost
91%
make
91%
mind
91%
minute
91%
take
91%
there
91%
tides
91%
to
91%
waiting
91%
waste
91%
waves
91%
we
91%
we'll
91%
we're
91%
won't
91%
above
82%
breaking
82%
but
82%
But
82%
eyes
82%
floating
82%
gets
82%
golden
82%
happy
82%
hard
82%
here
82%
It's
82%
Lifting
82%
like
82%
Memories
82%
Oh
82%
remember
82%
said
82%
see
82%
send
82%
Summers
82%
these
82%
wasted
82%
way
82%
clear
73%
fast
73%
haze
73%
our
73%
pixilate
55%
No matching quizzes found
Score Distribution
Percent of People with Each Score
Percentile by Number Answered
Your Score History
You have not taken this quiz